| 000 | 00688nam a2200205 a 4500 | ||
|---|---|---|---|
| 001 | 000034741 | ||
| 005 | 20200930073856.0 | ||
| 008 | 111019s1958 fr 000 f fre d | ||
| 040 |
_aDO-SdBNP _bspa _cBNPHU |
||
| 082 |
_a843.7 _bS825r |
||
| 100 | 1 |
_aStendhal _d1783-1842 _916823 |
|
| 245 | 1 | 3 |
_aLe rouge et le noir / _cStendhal ; préface Roger Nimier. |
| 260 |
_aParís : _bEditions Gallimard, _c1958. |
||
| 300 |
_a512 p. ; _c17 cm. |
||
| 590 | _aPerteneció a la biblioteca personal de Juan Isidro Jimenes Grullón. | ||
| 650 | 4 |
_aNovela francesa _91075 |
|
| 650 | 4 |
_aLiteratura francesa _91074 |
|
| 700 | 1 |
_aNimier, Roger _epref. _960214 |
|
| 910 | _aValidado. Control de calidad BNPHU | ||
| 999 |
_c34232 _d34232 |
||